Napló (részletek)
Elmentve itt :
| Szerző: | |
|---|---|
| Adatforrás: | Meister |
| Forrásdokumentuma: | Helikon. - 2 sz., 1991, 1; 4-5 p. |
| Nyelv: | magyar |
| Kulcsszavak: | oral-history Magyarország, 1956 koncepciós perek RAJK László |
| LEADER | 00409nab a2200157 i 4500 | ||
|---|---|---|---|
| 001 | bibPRO00009152 | ||
| 008 | 060524s1991 xx hun | ||
| 040 | |a Sz1 | ||
| 041 | |a hun | ||
| 100 | 1 | |a MÁRAI Sándor | |
| 245 | 1 | 0 | |a Napló (részletek) |c MÁRAI Sándor |
| 695 | |a oral-history | ||
| 695 | |a Magyarország, 1956 | ||
| 695 | |a koncepciós perek | ||
| 695 | |a RAJK László | ||
| 773 | 0 | |t Helikon. - |g 2 sz., 1991, 1; 4-5 p. | |